000 00504nam a2200193Ia 4500
005 20250508154648.0
008 008 250505s9999 xx 000 0 eng d
037 _aTextual
040 _aFEDL
_beng
_cFEDL
041 _aeng
_2eng
084 _a040, DES
_qFEDL
100 _aDesai Morarji
245 0 _aIn my view
260 _aBombay, India
_bThacker and Company Limited
_c1966
300 _aviii,239p
365 _aINR
_b135
942 _cTEXL
_h040, DES
999 _c1351469
_d1351469